Normal view
MARC view
- KHAN, A. MOHIUDDIN
Entry Personal Name
001 - CONTROL NUMBER
- control field: 90452
003 - CONTROL NUMBER IDENTIFIER
- control field: NUST
005 - DATE AND TIME OF LATEST TRANSACTION
- control field: 20220308102547.0
008 - FIXED-LENGTH DATA ELEMENTS
- fixed length control field: 220308|| aca||aabn | a|a d
040 ## - CATALOGING SOURCE
- Original cataloging agency: NUST
- Transcribing agency: NUST
100 ## - HEADING--PERSONAL NAME
- Personal name: KHAN, A. MOHIUDDIN
670 ## - SOURCE DATA FOUND
- Source citation: Work cat.: (NUST): KHAN, A. MOHIUDDIN., BRIDGE AND HIGHWAYSTRUSTURE REHABILITATION /, 2010.
